Culture Générale - Clic Quiz - La réponse est en emoji par IA #10 - Statistiques

Statistiques générales
  • Ce quiz a été pris 320 fois
  • Le résultat moyen est 20 sur 40
Statistiques - réponses
Hint Réponse % Correct
Thierry Henry
85%
Florent Pagny
85%
Abraham Lincoln
85%
Stevie Wonder
84%
The Weeknd
84%
John Cena
77%
Harry Styles
73%
Justin Timberlake
72%
Liam Neeson
70%
Wayne Rooney
69%
Banksy
68%
Vasco de Gama
68%
Jean-Sébastien Bach
65%
Arjen Robben
62%
Frank Lampard
59%
Adrien Brody
58%
Peter Crouch
53%
Christopher Nolan
50%
James Blunt
49%
Eugene Delacroix
46%
David Hasselhoff
46%
James Dean
43%
Narendra Modi
43%
George R.R. Martin
42%
Roy Keane
41%
Norman Reedus
38%
Kevin Costner
37%
Edward Snowden
37%
Jean-Paul Sartre
36%
Garry Kasparov
35%
Bernie Sanders
31%
Jimmy Carter
30%
Al Gore
28%
Bud Spencer
28%
Leonard Cohen
26%
J. R. R. Tolkien
20%
Sergio Leone
20%
James Cameron
19%
Peter Jackson
17%
Valeri Legassov
10%
Aucun quiz correspondant
Distribution des résultats
% des personnes avec chaque résultat
Percentile par nombre de réponses
Votre historique - résultats
Vous n’avez pas pris ce quiz